VIDHYARTHIYON KE LIYE EKAGRATA KA RAHASYA (Record no. 8576)

MARC details
000 -LEADER
fixed length control field 00377nam a22001457a 4500
005 - DATE AND TIME OF LATEST TRANSACTION
control field 20240708134101.0
008 - FIXED-LENGTH DATA ELEMENTS--GENERAL INFORMATION
fixed length control field 240708b |||||||| |||| 00| 0 eng d
020 ## - INTERNATIONAL STANDARD BOOK NUMBER
ISBN 978-9-3848-833-1-7
041 ## - LANGUAGE CODE
Language code of text/sound track or separate title eng
100 ## - MAIN ENTRY--AUTHOR NAME
Personal name PURUSHOTAMANAND , SWAMI
245 ## - TITLE STATEMENT
Title VIDHYARTHIYON KE LIYE EKAGRATA KA RAHASYA
260 ## - PUBLICATION, DISTRIBUTION, ETC. (IMPRINT)
Place of publication NAGPUR
Name of publisher RAM KRISHAN MATTH
300 ## - PHYSICAL DESCRIPTION
Number of Pages 31;P
942 ## - ADDED ENTRY ELEMENTS (KOHA)
Koha item type Books
Holdings
Lost status Damaged status Home library Current library Shelving location Date acquired Source of acquisition Cost, normal purchase price Accession Number Koha item type
    JRU Library JRU Library SHELF-44-L 08/07/2024 PURCHASE 6.00 28288 Books
    JRU Library JRU Library SHELF-44-L 08/07/2024 PURCHASE 6.00 28289 Books